Open Data Biblioteca Nacional de Portugal


República Portuguesa: Ministério da Cultura
Biblioteca Nacional de Portugal

Catálogo da BNP: acesso por Identificadores Unívocos
Registos Bibliográficos associados ao registo de autoridade

Etiqueta de registo: 00254nam 2200025 450
001 2285433
003 http://id.bnportugal.gov.pt/bib/catbnp/2285433
010 ## $a978-989-679-989-2
021 ## $aPT$b509826/23
100 ## $a20260428d2023 c y0pory01030103ba
101 1# $apor
102 ## $aPT
105 ## $aa z 000yy
106 ## $ar
200 1# $a Uma girafa e meia$ftexto e il. Nicola Kent$gtrad. Carina Mariais
205 ## $a1ª ed
210 #9 $aLisboa$cEdicare,$d2023
215 ## $a[28] p.$cil.$d31 cm
700 #1 $aKent,$bNicola$31997173
702 #1 $aMariais,$bCarina$4730$31905958
801 #0 $aPT$bBN$gRPC
966 ## $lBN$mFGMON$x1
966 ## $lBN$mFGMON$x1
971 ## $cssilva$d20260428

OpendataBNP@bnportugal.pt | Mais informação sobre acesso aos dados BNP